| 000 | 00782cam a2200265 4500 | ||
|---|---|---|---|
| 001 | 27304 | ||
| 003 | BD-RjUL | ||
| 005 | 20211209051134.0 | ||
| 008 | 140324s1955 nyua 000 0 eng | ||
| 020 | _a0836917057 | ||
| 035 | _a(BD-RjUL)27376 | ||
| 040 |
_aDLC _cDLC _dDLC _dBD-RjUL _beng |
||
| 041 | _aeng | ||
| 082 | 0 | 0 |
_a915.490308 _bCRE 1955 |
| 245 | 0 | 0 |
_aCrescent and green : _ba miscellany of writings on Pakistan. |
| 260 |
_aFreeport, N.Y. : _bBooks for Libraries Press, _c1955. |
||
| 300 |
_ax, 170 p. : _bill. ; _c23 cm. |
||
| 490 | 0 | _aEssay index reprint series | |
| 500 | _aReprint of the 1955 ed. | ||
| 651 | 0 |
_aPakistan _xHistory. _983817 |
|
| 651 | 0 |
_aPakistan _xIntellectual life. _975714 |
|
| 942 |
_2ddc _cBK |
||
| 999 |
_c27304 _d27304 |
||